| 000 | 00835nam a2200205 a 4500 | ||
|---|---|---|---|
| 001 | BRCA_9116 | ||
| 005 | 20190320210527.0 | ||
| 008 | 051017s1747----sp-#######---#000-0#lat-# | ||
| 041 | _alat | ||
| 084 |
_aCO4 _b.B44 1747 |
||
| 100 | 1 |
_aBegnudellii Bassi, Francisci Antonii _922495 |
|
| 245 | 1 | 0 |
_aBibliotheca juris canonico-civilis practica... _cconcinnatum labore ac operá Francisci Antonii Begnudellii Bassi...; tomus primus. |
| 260 |
_aColoniae llobrogum _bSumptibus Freatum de tournes _c1747 |
||
| 300 |
_a566 P. (t.1) _c37 x 23 cm |
||
| 500 | _aEn portada: Editio novissima auctior et emendatior | ||
| 500 | _aEstado físico: presenta encuadernación en pergamino con cintas y presencia del pez de plata | ||
| 650 | 1 | 4 |
_aDerecho canónico _vDiccionarios _xLatín _yObras anteriores a 1800 _922496 |
| 902 | _aCFM | ||
| 942 |
_2lcc _cB |
||
| 999 |
_c8764 _d8764 |
||